Introducción al análisis genético /
Guardado en:
| Otros Autores: | , |
|---|---|
| Formato: | Libro |
| Idioma: | Spanish English |
| Publicado: |
Madrid :
McGraw-Hill Interamericana de España,
1995.
|
| Edición: | 5a ed. |
| Etiquetas: |
Agregar Etiqueta
Sin Etiquetas, Sea el primero en etiquetar este registro!
|
| LEADER | 00961nam a22002415a 4500 | ||
|---|---|---|---|
| 001 | EEA.libagro009097 | ||
| 005 | 20180621115548.0 | ||
| 008 | 080404s1995####sp#a#####b####001#0#spa#d | ||
| 020 | |a 8448601068 | ||
| 041 | 1 | |a spa |h eng | |
| 082 | 0 | 4 | |a 575.1 |
| 245 | 0 | 0 | |a Introducción al análisis genético / |c Anthony J. F. Griffiths ... [et al. ]. |
| 250 | |a 5a ed. | ||
| 260 | |a Madrid : |b McGraw-Hill Interamericana de España, |c 1995. | ||
| 300 | |a xvii, 863 p. : |b il. ; |c 28 cm. | ||
| 500 | |a Traducción de: An introduction to genetic analysis. 5th ed.; publicado W.H. Freeman, c1993. | ||
| 500 | |a Segunda edición en español. | ||
| 504 | |a Incluye referencias bibliográficas e índice. | ||
| 700 | 1 | |a Griffiths, Anthony J. F. | |
| 700 | 1 | |a Suzuki, David T., |d 1936- | |
| 859 | |a AR-BbBCA |b BIB. AGRONOMIA |h 575.1 |i G855a5 |p 1997/3046 | ||
| 859 | |a AR-BbBCA |b BIB. AGRONOMIA |h 575.1 |i G855a5 |p 2000/3884 |t Ej.2 | ||
| 859 | |a AR-BbBCA |b BIB. AGRONOMIA |h 575.1 |i G855a5 |p 2000/3885 |t Ej.3 | ||
